British colonies Map Quiz - Statistics

General Stats
  • This quiz has been taken 927 times
    898 since last reset
  • The average score is 45 of 72
Answers on the Map
Answers color-coded by a green-red scale on the quiz's map according to % correct below.
 
Answer Stats
Answer % Correct
Canada
97%
British Raj
95%
Australia
92%
Ireland
92%
Egypt
91%
Union of South Africa
89%
Muscat and Oman
88%
New Zealand
88%
Anglo-Egyptian Sudan
87%
Burma
87%
Mandatory Iraq
87%
Nigeria
85%
British Guiana
84%
Emirate of Transjordan
84%
Ceylon
83%
Kenya
82%
Southern Rhodesia
81%
Trucial States
81%
South West Africa
80%
Mandatory Palestine
79%
Northern Rhodesia
79%
Tanganyika
79%
Basutoland
77%
Bechuanaland
77%
Gold Coast
77%
Qatar
76%
Territory of New Guinea
76%
Uganda
75%
Newfoundland
74%
Togo
74%
Sierra Leone
73%
Swaziland
73%
Kuwait
72%
Jamaica
71%
Nyasaland
71%
Bahamas
70%
British Honduras
68%
Cyprus
68%
British Somaliland
67%
Malta
65%
Fiji
63%
Bahrain
57%
Brunei
57%
Singapore
57%
Gilbert and Ellice Islands
56%
British Cameroon
55%
British Solomon Islands
54%
Seychelles
53%
Trinidad and Tobago
53%
Maldives
52%
Tonga
52%
Mauritius
50%
Gambia
49%
New Hebrides Condominium
48%
Bermuda
46%
British Windward Islands
46%
Barbados
45%
Nauru
44%
British North Borneo
41%
Malaya
39%
Gibraltar
37%
British Leeward Islands
36%
Hong Kong
36%
Aden Protectorate
35%
Saint Helena
31%
Cayman Islands
30%
Turks and Caicos Islands
29%
Zanzibar
29%
Sarawak
26%
Falklands
25%
Sikkim
13%
Wei Hai Wei
5%
No matching quizzes found
Score Distribution
Percent of People with Each Score
Percentile by Number Answered
Your Score History
You have not taken this quiz since the last reset